Formula One Mark Webber Wins - Statistics

General Stats
  • This quiz has been taken 68 times
  • The average score is 8 of 9
Answer Stats
Hint Answer % Correct
2009 Brazil
95%
2011 Brazil
95%
2010 Spain
95%
2010 United Kingdom
95%
2012 United Kingdom
95%
2009 Germany
93%
2010 Monaco
89%
2012 Monaco
89%
2010 Hungary
86%
No matching quizzes found
Score Distribution
Percent of People with Each Score
Percentile by Number Answered
Your Score History
You have not taken this quiz